100 meilleurs footballeurs masculin 2026 - Statistiques

Statistiques générales
  • Ce quiz a été pris 509 fois
  • Le résultat moyen est 37 sur 101
Statistiques - réponses
Indice N* Réponse % Correct
Real Madrid 1 Mbappé
97%
PSG 8 Dembelé
94%
Bayern 2 Kane
92%
Barcelone 3 Yamal
92%
PSG 4 Vitinha
83%
PSG 20 Doué
81%
PSG 6 Nuno Mendes
80%
PSG 5 Hakimi
79%
Bayern 11 Olise
79%
Tottenham 68 Van de Ven
79%
Barcelone 10 Pedri
76%
Manchester City 16 Haaland
75%
PSG 7 Neves
75%
Strasbourg 84 Barco
73%
Barcelone 9 Raphinha
71%
PSG 22 Pacho
67%
Liverpool 35 Ekitike
63%
Inter 96 Lautaro Martinez
62%
Manchester City 17 Cherki
61%
Manchester City 23 Donnarumma
59%
Bayern 12 Kimmich
59%
PSG 21 Barcola
58%
Bayern 15 DIaz
57%
Real Madrid 25 Vinicius
56%
Arsenal 29 Saliba
55%
Barcelone 40 Lewandowski
54%
Arsenal 30 Saka
54%
Chelsea 67 Palmer
53%
Inter 71 Thuram
51%
Juventus 72 Thuram
51%
Marseille 51 Greenwood
49%
PSG 46 Ruiz
48%
Real Madrid 24 Courtois
46%
Arsenal 28 Gabriel
46%
Arsenal 48 Rice
45%
Manchester United 26 Fernandes
40%
Bayern 49 Upamecano
40%
Liverpool 76 Wirtz
40%
PSG 94 Kvaratskhelia
39%
Barcelone 52 Kounde
38%
Arsenal 38 Raya
38%
Manchester City 87 Rodri
38%
Atletico Madrid 59 Alvarez
37%
Manchester City 88 Dias
37%
Liverpool 14 Szoboszlai
37%
Inter 55 Barella
36%
Liverpool 75 Macallister
36%
Inter 18 Di Marco
35%
Inter 73 Bastoni
34%
Barcelone 53 Cubarsi
34%
Liverpool 13 Gravenberch
34%
Lyon 34 Tolisso
34%
PSG 47 Zaire-Emery
31%
Barcelone 39 De jong
30%
Real Madrid 45 Tchouameni
29%
Juventus 27 Yildiz
29%
Chelsea 41 Fernandez
27%
Galatasaray 82 Osimhen
26%
Chelsea 42 Caicedo
25%
Barcelone 37 Garcia
25%
Arsenal 32 Timber
25%
Arsenal 33 Eze
24%
Barcelone 78 Fermin
23%
Milan AC 56 Modric
23%
Real Madrid 81 Guler
21%
Milan AC 64 Maignan
21%
Manchester United 69 Mbeumo
21%
Come 97 Paz
20%
Barcelone 80 Rashford
20%
Newcastle 44 Guimaraes
19%
Dortmund 77 Guirassy
19%
Strasbourg 83 Panichelli
18%
Newcastle 43 Tonali
18%
Inter 19 Calhanoglu
17%
Chelsea 54 Cucurella
17%
Atletico Madrid 58 Lookman
17%
Milan AC 57 Rabiot
16%
Manchester City 85 Semenyo
16%
Naples 74 Mc Tominay
15%
Lens 50 Udol
15%
Arsenal 31 Merino
14%
Monaco 93 Akliouche
13%
Chelsea 36 Estevao
13%
Barcelone 79 Ferran
12%
Marseille 65 Rulli
12%
Bayern 60 Karl
11%
Milan AC 63 Pulisic
11%
Strasbourg 66 Moreira
10%
Manchester City 86 Guéhi
9%
Aston Villa 100 Rodgers
9%
Roma 61 Kone
8%
Manchester City 90 Reijnders
7%
Manchester City 89 Nunes
6%
Bilbao 98 Simon
6%
Nottingham Forrest 92 Anderson
5%
Benfica 62 Pavlidis
5%
Dortmund 95 Schlotterbeck
5%
Club 0 Nom
3%
Lens 99 Baidoo
2%
Manchester United 70 Lammens
2%
Crystal Palace 91 Wharton
2%
Aucun quiz correspondant
Distribution des résultats
% des personnes avec chaque résultat
Percentile par nombre de réponses
Votre historique - résultats
Vous n’avez pas pris ce quiz